Top cheese producing US states - Statistics

General Stats
  • This quiz has been taken 42 times
  • The average score is 8 of 10
Answer Stats
Tons Answer % Correct
2.4mill California
88%
2.9mill Wisconsin
88%
202000 Ohio
83%
666000 Minnesota
80%
784000 New York
80%
415000 Pennsylvania
80%
123000 Vermont
78%
263000 Iowa
75%
895000 Idaho
60%
758000 New Mexico
53%
No matching quizzes found
Score Distribution
Percent of People with Each Score
Percentile by Number Answered
Your Score History
You have not taken this quiz